[Event "Reykjavik op"]
[Site "Reykjavik"]
[Date "1986.??.??"]
[Round "8"]
[White "Fedorowicz, John P"]
[Black "Schussler, Harry"]
[Result "1/2-1/2"]
[WhiteElo "2500"]
[BlackElo "2455"]

1.d4 Nf6 2.c4 e6 3.g3 d5 4.Nf3 Be7 5.Bg2 O-O 6.O-O dxc4 7.Qc2 a6 8.Qxc4 b5
9.Qc2 Bb7 10.Bd2 Be4 11.Qc1 Bb7 12.Rd1 Qc8 13.Ba5 c5 14.dxc5 Qxc5 15.Qxc5 Bxc5
16.Nbd2 Nbd7 17.Nb3 Ba7 18.Rac1 Rfc8 19.Nfd4 Bxg2 20.Kxg2 Ne5 21.Rxc8+ Rxc8
22.f4 Bxd4 23.Rxd4 Nc4 24.Bc3 Nd5 25.e4 Nxc3 26.bxc3 Kf8 27.Kf2 Ke7 28.e5 g5
29.Ke2 gxf4 30.gxf4 Nb6 31.Rd6 Nd5 32.Rxa6 Rxc3 33.f5 Re3+ 34.Kf2 Rxe5 35.Nd4 Kf6
36.fxe6 fxe6 37.Ra7 Nc3 38.Rxh7 Nxa2 39.Rh6+ Kf7 40.Rh7+ Kf6 41.Rh6+ Kf7
42.Rh7+ Kg6 43.Rb7 Nc3 44.Kf3 Kf6 45.h4 Rd5 46.Ke3 Ke5 47.Nf3+ Kf6 48.Ng5 Rf5
49.Rf7+ Kg6 50.Rxf5 Kxf5 51.Kd4 b4 52.Kc4 Nd5 53.Nf3 Kg4  1/2-1/2

[Event "URS-ch sf"]
[Site "Sevastopol"]
[Date "1986.??.??"]
[Round "?"]
[White "Pigusov, Evgeny"]
[Black "Rozentalis, Eduardas"]
[Result "1-0"]
[WhiteElo "2495"]
[BlackElo "2465"]

1.d4 Nf6 2.c4 e6 3.g3 d5 4.Bg2 Be7 5.Nf3 O-O 6.O-O dxc4 7.Qc2 a6 8.Qxc4 b5
9.Qc2 Bb7 10.Bd2 Nc6 11.e3 Nb4 12.Bxb4 Bxb4 13.a3 Bd6 14.Nbd2 Qe7 15.e4 e5
16.Nh4 g6 17.f4 exd4 18.e5 d3 19.Qxd3 Bc5+ 20.Kh1 Rfd8 21.Qc2 Nd5 22.Rae1 Bd4
23.Ne4 c5 24.Qc1 c4 25.Nf3 Bb6 26.f5 Rd7 27.Qh6 Qf8 28.Qh3 gxf5 29.Qxf5 Rad8
30.Nfg5 Qg7 31.e6  1-0

[Event "Sochi"]
[Site "Sochi"]
[Date "1986.??.??"]
[Round "4"]
[White "Chernin, Alexander"]
[Black "Beliavsky, Alexander G"]
[Result "1/2-1/2"]
[WhiteElo "2565"]
[BlackElo "2585"]

1.c4 e6 2.g3 d5 3.Bg2 Nf6 4.Nf3 Be7 5.d4 O-O 6.Nc3 dxc4 7.Ne5 Nc6 8.Bxc6 bxc6
9.Nxc6 Qe8 10.Nxe7+ Qxe7 11.Qa4 c5 12.Qxc4 cxd4 13.Qxd4 e5 14.Qh4 Rb8 15.Bg5 Rxb2
16.O-O Qe6 17.Bxf6 Qxf6 18.Qxf6 gxf6 19.Rab1 Rxb1 20.Rxb1 Be6 21.f3 Rc8 22.Rc1 Rc4
23.Kf2 Rb4 24.Rc2 f5 25.Nd1 Ra4 26.Rc5 f6 27.Nc3 Rc4  1/2-1/2

[Event "BCF-ch"]
[Site "Southampton"]
[Date "1986.??.??"]
[Round "2"]
[White "Flear, Glenn C"]
[Black "Findlay, Ian T"]
[Result "1-0"]
[WhiteElo "2505"]
[BlackElo "2375"]

1.d4 d5 2.c4 e6 3.g3 Nf6 4.Bg2 Be7 5.Nf3 O-O 6.O-O dxc4 7.Qc2 a6 8.a4 Nbd7
9.Nbd2 c5 10.dxc5 c3 11.Nb3 Nxc5 12.Nxc5 Bxc5 13.Qxc3 Qb6 14.a5 Qa7 15.Qc4 Bd7
16.b4 Be7 17.Be3 Qb8 18.Rfc1 Bb5 19.Qb3 Bc6 20.Qb2 Rc8 21.Bc5 Bxc5 22.Rxc5 Qd6
23.Rac1 Rd8 24.Ne5 Bxg2 25.Kxg2 Nd7 26.Nc4 Qb8 27.Rg5 f6 28.Rg4 Kh8 29.Rd4 b5
30.Nd6 Ne5 31.Qd2 Kg8 32.f4 Rxd6 33.Rxd6 Nc4 34.Rxc4 bxc4 35.Rxe6 Qb7+ 36.Kg1 Rc8
37.Re3 Rb8 38.Qd6 Qa7 39.Kf1 Qa8 40.Kf2 Rd8 41.Qe6+ Kh8 42.Qxc4 Qh1 43.Qe4 Qxh2+
44.Qg2 Qxg2+ 45.Kxg2 h5 46.Kf3 Rb8 47.Re4 Rb5 48.Ke3 Kh7 49.Rc4 Kg6 50.Kd3 Rb8
51.e4 h4 52.gxh4 Kh5 53.e5 f5 54.Kd4 Kxh4 55.e6 g5 56.Ke5 g4 57.Kxf5 g3 58.e7 g2
59.Rc1 Rh8 60.Kf6  1-0

[Event "BCF-ch"]
[Site "Southampton"]
[Date "1986.??.??"]
[Round "6"]
[White "Martin, Andrew D"]
[Black "Rahman, Ziaur"]
[Result "1-0"]
[WhiteElo "2370"]
[BlackElo "2305"]

1.d4 d5 2.Nf3 Nf6 3.c4 e6 4.g3 Be7 5.Bg2 O-O 6.O-O c6 7.Nbd2 Nbd7 8.b3 b6
9.Bb2 Bb7 10.e3 Ne4 11.Nxe4 dxe4 12.Nd2 f5 13.f3 exf3 14.Bxf3 Qc7 15.Qe2 e5
16.Rad1 Rae8 17.Qf2 Bg5 18.Rfe1 Nf6 19.dxe5 Nd7 20.Bg2 c5 21.Bxb7 Qxb7 22.Qf3 Qc7
23.Qd5+ Kh8 24.Nf3  1-0

[Event "Tbilisi"]
[Site "Tbilisi"]
[Date "1986.??.??"]
[Round "?"]
[White "Azmaiparashvili, Zurab"]
[Black "Ubilava, Elizbar"]
[Result "1/2-1/2"]
[WhiteElo "2470"]
[BlackElo "2515"]

1.d4 d5 2.c4 e6 3.Nf3 Nf6 4.g3 Be7 5.Bg2 O-O 6.O-O dxc4 7.Qc2 a6 8.a4 Bd7
9.Rd1 Bc6 10.Nc3 Bb4 11.Bg5 Nbd7 12.d5 exd5 13.Nxd5 Be7 14.Nxe7+ Qxe7 15.Qxc4  1/2-1/2

[Event "Vienna op"]
[Site "Vienna"]
[Date "1986.??.??"]
[Round "?"]
[White "Quinteros, Miguel A"]
[Black "Opl, Klaus"]
[Result "1-0"]
[WhiteElo "2510"]
[BlackElo "2325"]

1.c4 e6 2.g3 Nf6 3.Bg2 d5 4.Nf3 Be7 5.d4 dxc4 6.O-O O-O 7.Na3 c5 8.Nxc4 Nc6
9.dxc5 Bxc5 10.a3 a5 11.Bf4 Nd5 12.Bd2 a4 13.Rc1 b6 14.Qc2 Nd4 15.Nxd4 Bxd4
16.e4 Ne7 17.Rfd1 e5 18.Nxe5 Bxe5 19.Bf4 Bd4 20.Be3 Bxe3 21.Rxd8 Rxd8 22.fxe3 Bg4
23.Rf1 Ng6 24.e5 Rac8 25.Qxa4 Be2 26.Re1 Bc4 27.Qa7 Nxe5 28.Qxb6 f6 29.a4 Rd2
30.a5 Rcd8 31.a6 R2d6 32.Qxd6 Rxd6 33.a7  1-0

[Event "AUT-ch"]
[Site "Austria"]
[Date "1987.??.??"]
[Round "11"]
[White "Eisterer, Heinrich"]
[Black "Felsberger, Alfred"]
[Result "1/2-1/2"]
[WhiteElo "2340"]
[BlackElo "2310"]

1.d4 d5 2.c4 e6 3.Nf3 Nf6 4.g3 Be7 5.Bg2 O-O 6.O-O c6 7.b3 b6 8.Bb2 Bb7 9.Nbd2 Nbd7
10.Qc2 Rc8 11.Rad1  1/2-1/2

[Event "FRG-ch"]
[Site "Bad Neuenahr"]
[Date "1987.??.??"]
[Round "?"]
[White "Muse, Mladen"]
[Black "Zude, Arno"]
[Result "1-0"]
[WhiteElo "2405"]
[BlackElo "2295"]

1.d4 Nf6 2.Nf3 d5 3.c4 e6 4.g3 Be7 5.Bg2 O-O 6.O-O c6 7.Nc3 b6 8.Ne5 Bb7
9.e4 Nbd7 10.Nxc6 Bxc6 11.exd5 Bb7 12.d6 Bxg2 13.dxe7 Qxe7 14.Kxg2 Qb4 15.Qa4 Qxa4
16.Nxa4 Rfc8 17.b3 a6 18.Bg5 Ne4 19.Be3 b5 20.Nb2 bxc4 21.Nxc4 Rc6 22.Rac1 Rac8
23.Kf3 Nef6 24.Ne5 Rxc1 25.Rxc1 Rxc1 26.Bxc1 Kf8 27.Ba3+ Ke8 28.Nc4 Nd5 29.Nd6+ Ke7
30.Ke2 f6 31.Nf5+ Kf7 32.Ne3 Ke8 33.Kd3 Kd8 34.Kc4 N5b6+ 35.Kb4 Kc7 36.Ka5 Kb7
37.Bc5 Na8 38.Nc2 Nc7 39.Nb4 e5 40.Nc2 Nd5 41.Nb4 Nc7 42.Bd6 Nb5 43.dxe5 fxe5
44.Be7 Nd4 45.Bg5 g6 46.Be3 Nb8 47.Bxd4 exd4 48.Nd3 Kc6 49.f3 Kd5 50.Kb4 g5
51.h3 h5 52.Ka3 Nd7 53.Kb2 a5 54.a3 Nb6 55.h4 gxh4 56.gxh4 Nd7 57.Nf4+ Kd6
58.Nxh5 Ne5 59.Nf4 Nxf3 60.h5 Ke5 61.h6 Ng5 62.Nh3 Nf7 63.h7 Kf5 64.Kc2 Kg6
65.Kd3 Kxh7 66.Kxd4 Nd6 67.Kc5 Ne4+ 68.Kb5 Nd2 69.Ka4 Kg6 70.Nf4+ Kf5 71.Nd3 Ke4
72.Nc5+ Kd4 73.Nb7 Nb1 74.Nxa5 Nc3+ 75.Kb4 Na2+ 76.Kb5 Kc3 77.a4 Kb2 78.Kc4 Nc3
79.Nc6 Ne4 80.a5 Nd6+ 81.Kc5 Nc8 82.b4  1-0

[Event "FRG-ch"]
[Site "Bad Neuenahr"]
[Date "1987.??.??"]
[Round "?"]
[White "Schulz, Klaus Juergen"]
[Black "Zude, Arno"]
[Result "1/2-1/2"]
[WhiteElo "2440"]
[BlackElo "2295"]

1.d4 Nf6 2.Nf3 d5 3.c4 e6 4.g3 Be7 5.Bg2 O-O 6.Qc2 c6 7.O-O b6 8.b3 Bb7 9.Rd1 Nbd7
10.Nc3 Qc8 11.e4 dxe4 12.Ng5 e5 13.Ncxe4 exd4 14.Rxd4 c5 15.Rxd7 Bxe4 16.Bxe4 Qxd7
17.Bxa8 Rxa8 18.Bb2 h6 19.Rd1 Qb7 20.Bxf6 hxg5 21.Be5 Rd8 22.Rxd8+ Bxd8 23.Qd3 Be7
24.h3 Qc6 25.Qf5 g6 26.Qg4 Bf6 27.Bxf6 Qxf6  1/2-1/2

[Event "Banja Vrucica"]
[Site "Banja Vrucica"]
[Date "1987.??.??"]
[Round "9"]
[White "Muse, Mladen"]
[Black "Mitric, Brano"]
[Result "1-0"]
[WhiteElo "2415"]
[BlackElo "2200"]

1.d4 d5 2.Nf3 e6 3.c4 Nf6 4.g3 Be7 5.Bg2 O-O 6.O-O Nbd7 7.Qc2 h6 8.Nbd2 c6
9.b3 Re8 10.Bb2 Bd6 11.e4 dxe4 12.Nxe4 Nxe4 13.Qxe4 Nf6 14.Qc2 Be7 15.Rfe1 Bd7
16.Ne5 Rc8 17.Rad1 Qc7 18.a3 Red8 19.Qe2 Be8 20.Bc1 b5 21.g4 a5 22.h4 Nh7
23.h5 Bg5 24.f4 Bh4 25.Rf1 Qe7 26.c5 Bf6 27.Be3 Bxe5 28.dxe5 Rxd1 29.Rxd1 f6
30.Bf2 fxe5 31.Qxe5 Qf6 32.Rd6 Qxe5 33.fxe5 Kf7 34.Bh4 Ng5 35.Kf2 Ke7 36.Ke3 Bd7
37.Bh1 Ke8 38.Kf4 Nh3+ 39.Ke4 Ng5+ 40.Ke3 Nf7 41.Rd2 Nxe5 42.g5 hxg5 43.Bxg5 Nf7
44.Bh4 e5 45.Be4 Be6 46.b4 a4 47.Rg2 Kf8 48.Rg6 Bd5 49.Bxd5 cxd5 50.Rb6 Nh6
51.Bg5 Nf5+ 52.Kf3 Nd4+ 53.Kg4 Rc6 54.Rb8+ Kf7 55.Rd8 Nc2 56.Rd7+ Kf8 57.Bc1 d4
58.Kf5 Ne1 59.Kxe5 Rf6 60.Kxd4 Rf3 61.Ke4 Rc3 62.Bd2 Rc4+ 63.Kd5 Nc2 64.Bc1 Rh4
65.Kc6 Nd4+ 66.Kb6 Ke8 67.Rxg7 Rxh5 68.c6 Rh2 69.c7 Rc2 70.Rg8+ Kd7 71.Rd8+  1-0

[Event "Beersheba"]
[Site "Beersheba"]
[Date "1987.??.??"]
[Round "?"]
[White "Birnboim, Nathan"]
[Black "Kortschnoj, Viktor"]
[Result "1/2-1/2"]
[WhiteElo "2465"]
[BlackElo "2625"]

1.d4 Nf6 2.c4 e6 3.g3 d5 4.Nf3 Be7 5.Bg2 O-O 6.O-O dxc4 7.Qc2 a6 8.a4 Bd7
9.Qxc4 Bc6 10.Bf4 Nbd7 11.Qc2 Bd6 12.Nc3 Bxf4 13.gxf4 Bxf3 14.Bxf3 c6 15.a5 Re8
16.e3 Nf8 17.Ne4 Ng6 18.Nc5 Nh4 19.Be4 Rb8 20.f3 Nd5 21.Qf2 Nf5 22.Ra3 Kh8
23.Kh1 Rg8 24.Rg1 g6 25.Qe1 g5 26.Bxf5 exf5 27.fxg5 Rxg5 28.Rxg5 Qxg5 29.Qg3 Qxg3
30.hxg3 Nc7 31.Kg2 Ne6 32.Nd7 Rc8 33.Rc3 Rc7 34.Nb6 Kg8 35.Kf2 Re7 36.Rc4 Re8
37.Rb4 Rd8 38.Nc4 Rd7 39.Ne5 Re7 40.Rc4 Kf8 41.Rc1 Kg7 42.Rh1 Nc7 43.Nd3 Nd5
44.Re1 h6 45.Nc5 Kf8 46.Re2 Nf6 47.Rd2 Rc7 48.Rd3 Ne8 49.d5 Nd6 50.dxc6 Rxc6
51.b4 Ke7 52.Rd4 b6 53.axb6 Rxb6 54.Nb3 Rc6 55.Rh4 Nb5 56.Rf4 Rc2+ 57.Kf1 Rc3
58.Na5 Rxe3 59.Kf2 Rc3 60.Rxf5  1/2-1/2

[Event "Belgrade (Women)"]
[Site "Belgrade"]
[Date "1987.??.??"]
[Round "11"]
[White "Nutu Gajic, Dana"]
[Black "Lematschko, Tatjana"]
[Result "0-1"]
[WhiteElo "2335"]
[BlackElo "2340"]

1.Nf3 d5 2.c4 e6 3.d4 Be7 4.g3 Nf6 5.Bg2 O-O 6.O-O b6 7.Nc3 Bb7 8.cxd5 Nxd5
9.Qc2 Nd7 10.e4 Nb4 11.Qb1 c5 12.dxc5 Nxc5 13.Rd1 Qxd1+ 14.Nxd1 Bxe4 15.a3 Bxb1
16.axb4 Bc2 17.Ne3 Nb3 18.Nxc2 Nxa1 19.Nxa1 Bxb4 20.Be3 Bc5 21.Nd4 Rad8 22.Nac2 a5
23.Bf3 Rd7 24.Kg2 Rc8 25.Be2 e5 26.Nf5 g6 27.Bb5 Rd1 28.Ba6 Rc7 29.Nh6+ Kg7
30.Ng4 Bxe3 31.Ncxe3 Rb1 32.Nxe5 Rxb2 33.N5c4 Rb4 34.Na3 Rb3 35.Nb5 Rc5 36.Nd4 Rb2
37.Nf3 a4 38.Nd1 Rb1  0-1

[Event "Biel"]
[Site "Biel"]
[Date "1987.??.??"]
[Round "?"]
[White "Gulko, Boris F"]
[Black "Campora, Daniel H"]
[Result "1-0"]
[WhiteElo "2565"]
[BlackElo "2545"]

1.d4 d5 2.c4 e6 3.Nf3 Be7 4.g3 Nf6 5.Bg2 O-O 6.Qc2 c6 7.O-O b5 8.c5 a5 9.Nbd2 Nbd7
10.e4 Nxe4 11.Nxe4 dxe4 12.Qxe4 Ra6 13.Re1 Re8 14.h4 Nf6 15.Qc2 Nd5 16.a4 b4
17.Ne5 Qc7 18.Be4 g6 19.h5 Bf6 20.hxg6 hxg6 21.Bxg6 fxg6 22.Qxg6+ Kf8 23.Re4 Ke7
24.Bg5 Rf8 25.Rf4 Qd8 26.Rxf6 Nxf6 27.Re1 Qd5 28.Qg7+ Ke8 29.Bxf6 Ra7 30.Qg6+ Raf7
31.Nxf7 Rxf7 32.Re5 Qf3 33.Qg8+  1-0

[Event "Brussels blitz"]
[Site "Brussels"]
[Date "1987.??.??"]
[Round "?"]
[White "Sosonko, Gennadi"]
[Black "Tal, Mihail"]
[Result "1/2-1/2"]
[WhiteElo "2545"]
[BlackElo "2605"]

1.d4 Nf6 2.c4 e6 3.g3 d5 4.Bg2 Be7 5.Nf3 O-O 6.O-O Na6 7.Nc3 b6 8.Ne5 Bb7
9.b3 c5 10.Bb2 Qb8 11.cxd5 exd5 12.Nd3 cxd4 13.Nb5 Nc5 14.Nxd4 Nce4 15.Nf5 Qd8
16.Nxe7+ Qxe7 17.Nf4 Rad8 18.Qd4 Rfe8 19.Rac1 Qd7 20.Bh3 Qd6 21.e3 Ng5 22.Bg2 Qd7
23.Rc2 Rc8 24.Rfc1 Rxc2 25.Rxc2 Qg4 26.Qd3 Nf3+ 27.Bxf3 Qxf3 28.Bxf6 d4 29.e4 Qxd3
30.Nxd3 Bxe4 31.Bxd4 Bxd3 32.Rd2  1/2-1/2

[Event "OHRA op"]
[Site "Brussels"]
[Date "1987.??.??"]
[Round "2"]
[White "Hergott, Deen"]
[Black "Dutreeuw, Marc"]
[Result "1-0"]
[WhiteElo "2305"]
[BlackElo "2400"]

1.d4 d5 2.c4 e6 3.Nf3 Nf6 4.g3 Be7 5.Bg2 O-O 6.O-O Nbd7 7.Qc2 c6 8.Nbd2 b6
9.e4 dxe4 10.Nxe4 Bb7 11.Bf4 Nxe4 12.Qxe4 Nf6 13.Qe2 c5 14.Rfd1 cxd4 15.Nxd4 Qc8
16.b3 Rd8 17.Nf5 exf5 18.Qxe7 Bxg2 19.Qxd8+ Qxd8 20.Rxd8+ Rxd8 21.Kxg2 Ne4
22.Rc1 Nc5 23.Be3 Kf8 24.Kf3 Ke7 25.Bxc5+ bxc5 26.Ke2 Ke6 27.f4 Rd6 28.Rd1 Ra6
29.Rd2 h6 30.Kd3 Kd6 31.Kc3+ Kc7 32.a4 g6 33.Rd5 Rc6 34.a5 a6 35.b4 cxb4+
36.Kxb4 Re6 37.Kc5 Re2 38.Rd6 Re6 39.Rb6 g5 40.Kd5 Rg6 41.h4 Rg7 42.Rxh6 gxf4
43.gxf4 Rg4 44.Ke5 Rg1 45.Rxa6 Rh1 46.Ra7+ Kc6 47.Rxf7 Rxh4 48.a6  1-0

[Event "Buenos Aires BCA"]
[Site "Buenos Aires"]
[Date "1987.??.??"]
[Round "3"]
[White "Ricardi, Pablo"]
[Black "Grynszpan, Mariano"]
[Result "1/2-1/2"]
[WhiteElo "2445"]
[BlackElo "2290"]

1.d4 d5 2.c4 e6 3.Nf3 Nf6 4.g3 Be7 5.Bg2 O-O 6.O-O dxc4 7.Qc2 a6 8.Qxc4 b5
9.Qc2 Bb7 10.Bf4 Nc6 11.Nc3 Nb4 12.Qc1 Nbd5 13.Nxd5 Nxd5 14.Rd1 Rc8 15.Be3 c5
16.dxc5 Qc7 17.Bd4 Bxc5 18.Bxc5 Qxc5 19.Qxc5 Rxc5 20.Rac1 Rxc1 21.Rxc1 Rc8
22.Rxc8+ Bxc8 23.Ne5 Nb6 24.Kf1 Kf8 25.Ke1 f6 26.Nd3 Ke7 27.Kd2 Kd6 28.b4 e5
29.Nc5 Nd5 30.a3 g6 31.Kd3 h6 32.Be4 f5 33.Bxd5 Kxd5 34.f4 exf4 35.gxf4 g5
36.e3 a5 37.Nb3 axb4 38.axb4 g4 39.Nd4 h5 40.Ne2 h4 41.Nc3+ Ke6 42.Ke2  1/2-1/2

[Event "Coimbatore"]
[Site "Coimbatore"]
[Date "1987.??.??"]
[Round "?"]
[White "Murugan, Krishnamoorthy"]
[Black "Pavanasam, Ananchaperumal"]
[Result "1-0"]
[WhiteElo "2325"]
[BlackElo "2360"]

1.d4 d5 2.c4 e6 3.Nf3 Be7 4.g3 Nf6 5.Bg2 O-O 6.O-O dxc4 7.Qc2 a6 8.Qxc4 b5
9.Qc2 Bb7 10.Bf4 Nc6 11.Rd1 Nb4 12.Qc1 Nbd5 13.Nbd2 c5 14.dxc5 Rc8 15.Nb3 Nxf4
16.Qxf4 Qc7 17.Rac1 Qxf4 18.gxf4 Bd5 19.Nfd4 Ne4 20.Nf5 Bxc5 21.Nxc5 Rxc5
22.Rxc5 Nxc5 23.Ne7+ Kh8 24.Nxd5 exd5 25.Rxd5 Ne6 26.e3 Rd8 27.Rxd8+ Nxd8
28.Bd5 Kg8 29.Kf1 Kf8 30.Ke2 Ke7 31.Kd3 Kd6 32.Kd4 a5 33.f5  1-0

[Event "Coimbatore"]
[Site "Coimbatore"]
[Date "1987.??.??"]
[Round "?"]
[White "Murugan, Krishnamoorthy"]
[Black "Geller, Efim P"]
[Result "1/2-1/2"]
[WhiteElo "2325"]
[BlackElo "2515"]

1.d4 Nf6 2.Nf3 d5 3.c4 e6 4.g3 Be7 5.Bg2 O-O 6.O-O dxc4 7.Qc2 a6 8.Qxc4 b5
9.Qc2 Bb7 10.Bf4 Nc6 11.Nc3 Nb4 12.Qc1 Rc8 13.Rd1 Nbd5 14.Nxd5 Bxd5 15.Bg5 c5
16.Bxf6 Bxf6 17.dxc5 Qe7 18.Ne1 Rxc5 19.Qd2 Bxg2 20.Kxg2 Qb7+ 21.f3 Rfc8
22.Rac1 Bg5 23.e3 Rxc1 24.Rxc1 Rd8 25.Qe2 Qd5 26.b3 Qd2 27.Qxd2 Rxd2+ 28.Kf1 f5
29.f4 Bf6 30.Rc2 Rd1 31.Ke2 Ra1 32.Nd3  1/2-1/2

[Event "Copenhagen op"]
[Site "Copenhagen"]
[Date "1987.??.??"]
[Round "9"]
[White "Pavlovic, Milos"]
[Black "Bartels, Hans A"]
[Result "1-0"]
[WhiteElo "2350"]
[BlackElo "2315"]

1.d4 d5 2.Nf3 Nf6 3.c4 e6 4.g3 Be7 5.Bg2 O-O 6.O-O dxc4 7.Ne5 Nc6 8.Nxc6 bxc6
9.Na3 Bxa3 10.bxa3 Nd5 11.Qa4 Qd6 12.Qxc4 a5 13.Qc2 Ba6 14.Rd1 Bb5 15.e4 Nb6
16.Bf4 Qe7 17.Qc5 Rfe8 18.Rac1 Rad8 19.Bxc7 Qxc7 20.Qxb5 cxb5 21.Rxc7 Nc4
22.a4 Nb2 23.Rb1 Nxa4 24.Rxb5 Rxd4 25.Rxa5 Nb6 26.Raa7 Rf8 27.Bf3 Nc4 28.a4 Ne5
29.Be2 g5 30.h3 Rxe4 31.Bh5 Kg7 32.a5 Rd8 33.Bxf7 Kf6 34.Bh5 Re1+ 35.Kg2 Rd2
36.a6 Ra1 37.Rxh7 Nd3 38.Raf7+ Ke5 39.a7 Ne1+ 40.Kh2  1-0

[Event "Debrecen"]
[Site "Debrecen"]
[Date "1987.??.??"]
[Round "9"]
[White "Meduna, Eduard"]
[Black "Ambroz, Jan"]
[Result "1/2-1/2"]
[WhiteElo "2515"]
[BlackElo "2465"]

1.d4 e6 2.c4 Nf6 3.g3 d5 4.Nf3 Be7 5.Bg2 O-O 6.Qc2 c6 7.O-O Nbd7 8.Bg5 b6
9.Nbd2 Bb7 10.Rfd1 Rc8 11.Rac1 c5 12.Qb1 h6 13.Bxf6 Nxf6 14.e3 Rc7 15.dxc5 bxc5
16.cxd5 exd5 17.Nb3 Qc8 18.Qc2 g6 19.Na5 Ba8 20.Ne5 Kg7 21.Nd3 c4 22.Nf4 Rc5
23.Qd2 Rb5 24.Nb3 Qb8 25.Nd4 Rxb2 26.Qc3 Qb4 27.Qxb4 Rxb4 28.Nde2 Rd8  1/2-1/2

[Event "Dortmund-B"]
[Site "Dortmund"]
[Date "1987.??.??"]
[Round "?"]
[White "Kohlweyer, Bernd"]
[Black "Prandstetter, Eduard"]
[Result "1/2-1/2"]
[WhiteElo "2330"]
[BlackElo "2430"]

1.d4 Nf6 2.c4 e6 3.g3 d5 4.Bg2 Be7 5.Nf3 O-O 6.O-O dxc4 7.Qc2 a6 8.Qxc4 b5
9.Qc2 Bb7 10.Bf4 Nc6 11.Nbd2 Rc8 12.Nb3 Nb4 13.Qc1 Bd5 14.Nfd2 Bxg2 15.Kxg2 Nbd5
16.Bg5 c6 17.Nc5 Bxc5 18.Qxc5 h6 19.Bxf6 Nxf6 20.Rfc1 Qd5+ 21.f3 Qxc5 22.Rxc5 Nd7
23.Rc2 c5 24.Rac1 Rcd8 25.dxc5 Nxc5 26.Rxc5 Rxd2 27.R5c2 Rfd8 28.Kf2 Kf8
29.Ke3 Rxc2 30.Rxc2 Ke7 31.f4 Rd6 32.Rc8 f5 33.Rc7+ Kf6 34.h4 h5  1/2-1/2

[Event "HUN-ch op"]
[Site "Eger"]
[Date "1987.??.??"]
[Round "?"]
[White "Peric, Slavisa"]
[Black "Cvetkovic, Srdjan"]
[Result "1/2-1/2"]
[WhiteElo "2250"]
[BlackElo "2380"]

1.d4 Nf6 2.Nf3 d5 3.c4 e6 4.g3 Be7 5.Bg2 O-O 6.O-O dxc4 7.Qc2 a6 8.a4 Bd7
9.Ne5 Bc6 10.Nxc6 Nxc6 11.e3 Na5 12.Nd2 c5 13.dxc5 Rc8 14.b4 cxb3 15.Nxb3 Nd5
16.Ba3 Nxb3 17.Qxb3 Bxc5 18.Qxb7 Bxa3 19.Rxa3 Qd6 20.Rd3 Rb8 21.Qa7 Qb6 22.Qxb6 Nxb6
23.Rd6 Rfd8 24.Rfd1 Rxd6 25.Rxd6 Kf8 26.Rc6 Nxa4 27.Rxa6 Rb1+ 28.Bf1 Nc3
29.Rc6 Ne4 30.Rc2  1/2-1/2

[Event "HUN-ch op"]
[Site "Eger"]
[Date "1987.??.??"]
[Round "?"]
[White "Bencze, Laszlo"]
[Black "Bauer, Peter2"]
[Result "1-0"]
[WhiteElo "2325"]
[BlackElo "2235"]

1.Nf3 Nf6 2.g3 d5 3.d4 e6 4.Bg2 Be7 5.c4 O-O 6.O-O dxc4 7.Na3 Bxa3 8.bxa3 Nbd7
9.Qc2 Nb6 10.Bb2 Qe8 11.Ne5 Bd7 12.Bc3 Ba4 13.Qc1 Qc8 14.Bb4 Re8 15.Nxc4 Nbd5
16.Bd2 Bb5 17.Rb1 Ba6 18.Re1 Qd8 19.Na5 Rb8 20.Qc2 Qd7 21.Bf3 Nb6 22.e3 Rec8
23.Rec1 Nbd5 24.Rb2 Qe7 25.Rb3 h6 26.Qb2 c6 27.Nxc6 Qd7 28.Nxb8 Rxb8 29.e4 Nb6
30.Rb4 Rd8 31.Bf4 Qe8 32.Bc7 Rc8 33.Bxb6 axb6 34.Rxb6 Rd8 35.Rb4 g6 36.Qd2 Kg7
37.Rc7 g5 38.h3 Rb8 39.e5 Nd5 40.Bxd5 exd5  1-0

[Event "Gausdal Troll Masters"]
[Site "Gausdal"]
[Date "1987.??.??"]
[Round "?"]
[White "Scholseth, Tor Kristian"]
[Black "Pyhala, Antti"]
[Result "1-0"]
[WhiteElo "2280"]
[BlackElo "2385"]

1.d4 d5 2.Nf3 Nf6 3.c4 e6 4.g3 Be7 5.Bg2 c6 6.Qc2 O-O 7.O-O Nbd7 8.Nbd2 b5
9.b3 bxc4 10.bxc4 Rb8 11.e4 Nxe4 12.Nxe4 dxe4 13.Qxe4 c5 14.Rd1 Bb7 15.Qe2 Bxf3
16.Bxf3 cxd4 17.Rxd4 Bf6 18.Bg5 Bxd4 19.Bxd8 Rfxd8 20.Rd1 e5 21.Rd2 Nc5 22.Bd5 Na4
23.Qf3 Rd7 24.Bc6 Nc5 25.Bxd7 Nxd7 26.Qc6 Nf8 27.c5 Rb1+ 28.Kg2 Rc1 29.Qd6 Bxc5
30.Qxe5 Bb6 31.Qe8 Rc5 32.Rd7 Rf5 33.f4 g6 34.Rb7 Kg7 35.g4 Rf6  1-0

[Event "Dreszer mem"]
[Site "Gdynia"]
[Date "1987.??.??"]
[Round "5"]
[White "Szymczak, Zbigniew"]
[Black "Piechocki, Franciszek"]
[Result "1-0"]
[WhiteElo "2390"]
[BlackElo "2275"]

1.d4 d5 2.c4 e6 3.Nf3 Nf6 4.g3 Be7 5.Bg2 O-O 6.O-O c6 7.Qc2 Nbd7 8.b3 b6
9.Nc3 Bb7 10.Rd1 Rc8 11.e4 Nxe4 12.Nxe4 dxe4 13.Qxe4 Qc7 14.Bf4 Bd6 15.Bxd6 Qxd6
16.c5 Qe7 17.b4 Rfd8 18.Qe1 a5 19.a3 Ba6 20.cxb6 axb4 21.axb4 Bb7 22.Ne5 Nxb6
23.Ra7 Rc7 24.Rxb7 Rxb7 25.Nxc6  1-0

[Event "Dreszer mem"]
[Site "Gdynia"]
[Date "1987.??.??"]
[Round "9"]
[White "Szymczak, Zbigniew"]
[Black "Jigjidsuren, Purev"]
[Result "1-0"]
[WhiteElo "2390"]
[BlackElo "2365"]

1.d4 d5 2.c4 e6 3.Nf3 Be7 4.g3 Nf6 5.Bg2 O-O 6.O-O c5 7.cxd5 exd5 8.Nc3 Nc6
9.b3 Bg4 10.Bb2 Re8 11.Rc1 cxd4 12.Nxd4 Qd7 13.Na4 Rac8 14.Nxc6 bxc6 15.Qd2 Qe6
16.f3 Bh3 17.e3 Bxg2 18.Kxg2 Nd7 19.Rfe1 Bf6 20.Nc5 Nxc5 21.Rxc5 Bd8 22.Bd4 Bb6
23.Rcc1 c5 24.Bb2 h5 25.e4 d4 26.Rc4 Qg6 27.Ba3 Re5 28.b4 f5 29.exf5 Rxf5
30.bxc5 Qf7 31.Rxd4 Bxc5 32.Rd7 Qg6 33.Rd8+ Rxd8 34.Qxd8+ Kh7 35.Bxc5 Rxc5
36.Qe7 Rc2+ 37.Re2 a5 38.Qe3 Rc4 39.Qb3 Rb4 40.Qd5 a4 41.Re6 Qc2+ 42.Kh3 Qc8
43.Qxh5+ Kg8 44.Qe8+ Qxe8 45.Rxe8+  1-0

[Event "Bundesliga 8687"]
[Site "Germany"]
[Date "1987.??.??"]
[Round "?"]
[White "Schulz, Klaus Juergen"]
[Black "Neunhoeffer, Helmut"]
[Result "0-1"]
[WhiteElo "2440"]
[BlackElo "2235"]

1.Nf3 d5 2.c4 e6 3.g3 Nf6 4.Bg2 Be7 5.d4 O-O 6.Qc2 c6 7.O-O Nbd7 8.b3 b6
9.Rd1 Ba6 10.Nbd2 Rc8 11.e4 c5 12.e5 Ne8 13.cxd5 exd5 14.Qf5 g6 15.Qh3 Ng7
16.dxc5 bxc5 17.Nc4 d4 18.Bh6 Rc7 19.e6 Nxe6 20.Bxf8 Qxf8 21.Bh1 Bf6 22.Rac1 Nb6
23.Ne1 Qd8 24.Nd3 Nd5 25.Re1 Bc8 26.Qf1 Nc3 27.Rc2 Ng5 28.Bg2 Qd7 29.f4 Nh3+
30.Bxh3 Qxh3 31.Qxh3 Bxh3 32.Nd6 Rc6 33.Ne4 Bf5 34.Nxf6+ Rxf6 35.Rd2 Bxd3
36.Rxd3 Nxa2 37.Rd2 Nc3 38.Re8+ Kg7 39.Rc8 Rb6 40.Rb2 Ne4 41.Kg2 d3 42.Kf3 d2
43.Rd8 f5 44.Ke2 c4 45.b4 c3 46.Ra2 Rb7 47.Rd4 Rc7 48.Rc2 Kf7 49.g4 Ke6 50.gxf5+ gxf5
51.Rd3 Rd7 52.Rxd7 Kxd7 53.Ra2 Kc6  0-1

[Event "Bundesliga 8687"]
[Site "Germany"]
[Date "1987.??.??"]
[Round "?"]
[White "Muender, Michael"]
[Black "Schacht, Holger"]
[Result "1/2-1/2"]
[WhiteElo "2280"]
[BlackElo "2280"]

1.d4 Nf6 2.c4 e6 3.Nf3 d5 4.g3 Be7 5.Bg2 O-O 6.O-O dxc4 7.Ne5 Qd6 8.Nxc4 Qa6
9.Ne5 Rd8 10.Nc3 c5 11.e3 Nc6 12.Nxc6 bxc6 13.Qa4 Nd5 14.Qxa6 Bxa6 15.Rd1 Rab8
16.e4 cxd4 17.Nxd5 cxd5 18.exd5 e5 19.f4 f6 20.a3 Rdc8 21.b4 Bb5 22.Bd2 Ba4
23.Rdc1 Bc2 24.Bh3 Rc7 25.fxe5 fxe5 26.Bf5 Bxf5 27.Rxc7 Bf6 28.Rf1 Bh3 29.Re1 Bf5
30.h4 h5 31.Rxa7 e4 32.Bf4 Rd8 33.d6 d3 34.Rc7 Bd4+ 35.Kg2 e3 36.Re7 d2 37.Rf1 Bg4
38.Re4 Bb6 39.Bg5 Rxd6 40.Bxe3 Bxe3 41.Rxe3 d1=Q 42.Rxd1 Rxd1 43.a4 Rd4 44.Rb3 Bd7
45.a5 Bb5 46.Kf2 Rd3 47.Rxd3 Bxd3 48.Ke3 Ba6 49.Kd4 Kf7 50.Kc5 Be2 51.Kd6 Ke8
52.Ke6 Bd3 53.Kd6 Kd8 54.Ke6 Kc7 55.Kf7 g6 56.Kf6 Kc6 57.Kg5 Bf5 58.Kf6 Kb5
59.Kg5 Kxb4 60.a6 Kb5 61.a7 Be4 62.g4 hxg4 63.Kxg4 Kb6 64.h5 gxh5+ 65.Kxh5 Kxa7  1/2-1/2

[Event "POL-chT"]
[Site "Jachranka"]
[Date "1987.??.??"]
[Round "3"]
[White "Marszalek, Rafal"]
[Black "Krainski, Aleksander"]
[Result "1/2-1/2"]
[WhiteElo "2310"]
[BlackElo "2270"]

1.Nf3 d5 2.d4 Nf6 3.c4 e6 4.g3 Be7 5.Bg2 O-O 6.O-O dxc4 7.Ne5 Nc6 8.Nxc6 bxc6
9.Na3 Bxa3 10.bxa3 Nd5 11.Qa4 Nb6 12.Qxc6 Rb8 13.Qc5 Bb7 14.e4 Qd6 15.Bf4 Qxc5
16.dxc5 Na4 17.Rfc1 Ba6 18.Bf1 e5 19.Bxe5 Rfe8 20.Bxc7 Rbc8 21.Bd6 Nxc5 22.Bxc4 Nd3
23.Bxd3 Bxd3 24.f3 h6 25.Bc5 a6 26.Rc3 Bb5 27.Rac1 Red8 28.Bb4 Rxc3 29.Bxc3 Rc8
30.Kf2 Bc4 31.Bb4 Be6 32.Bc5 Bxa2 33.Ke3 Rb8 34.Bb4 Be6 35.f4 Rc8 36.Bc5 f6
37.f5 Bf7 38.Kf4 Rd8 39.Bb4 Be8 40.Rc7 Bb5 41.g4 Be2 42.Rc2 Bd1 43.Rc3 Be2
44.Re3 Bb5 45.Rc3 Be2 46.Rc6 Rd3 47.e5 fxe5+ 48.Kxe5 Re3+ 49.Kf4 Rf3+ 50.Ke4 Rh3
51.Rc8+ Kh7 52.Rc7 Bxg4 53.f6 Bf3+ 54.Kf4 Bh5 55.Rxg7+ Kh8 56.Ra7 Kg8 57.Rxa6 Rxh2
58.Kg3 Rh1 59.Ra7 Bf7 60.Kf4 Rh4+ 61.Kg3 Rc4 62.Bd6 Rd4  1/2-1/2

[Event "URS-FL"]
[Site "Kursk"]
[Date "1987.??.??"]
[Round "?"]
[White "Ruban, Vadim"]
[Black "Khasin, Alexander"]
[Result "1/2-1/2"]
[WhiteElo "2320"]
[BlackElo "2410"]

1.d4 d5 2.c4 e6 3.Nf3 Nf6 4.g3 Be7 5.Bg2 O-O 6.O-O dxc4 7.Qc2 a6 8.a4 Bd7
9.Ne5 Bc6 10.Nxc6 Nxc6 11.e3 Na5 12.Nd2 c5 13.dxc5 Rc8 14.b4 cxb3 15.Nxb3 Nxb3
16.Qxb3 Bxc5 17.Qxb7 Qa5  1/2-1/2